| 000 | 00432nam a2200169Ia 4500 | ||
|---|---|---|---|
| 005 | 20250423095221.0 | ||
| 008 | 250422s9999 xx 000 0 und d | ||
| 020 | _a978- 0- 495- 50279- 1 | ||
| 050 | _aTA157.H357/ | ||
| 100 | _aCharles E. Harris Michael S. Pritchard | ||
| 245 | 0 | _aEngineering Ethics: concepts and cases | |
| 250 | _a4th ed. | ||
| 260 | _bCengage learning | ||
| 260 | _c2009 | ||
| 300 | _a313 p | ||
| 942 | _cBK | ||
| 999 |
_c29602 _d29602 |
||